| 000 | 02092nam a22001577a 4500 | ||
|---|---|---|---|
| 041 | _aukr | ||
| 080 | _a09 | ||
| 090 | _bОГО | ||
| 100 | _aОгороднік К.О. | ||
| 245 | _aГендерні особливості передачі комунікативної інформації невербальними засобами спілкування | ||
| 260 |
_aОстрог _bКАФ _c2012 |
||
| 300 | _a77 | ||
| 520 |
_aРозділ 1 Невербальне спілкування як засіб передачі комунікативної інформації.
1.1 "Невербальне спілкування", "невербальна комунікація", "невербальна поведінка" подібне та відмінне.
1.2 Невербальні засоби комунікації як паралінгвістика. Кінесика.
1.3 Жести і поза.
1.4 Міміка.
Розділ 2. Стан гендерних досліджень у сучасній лінгвістичній науці.
2.1 Поняття гендерної комунікації.
2.2 Процес формування гендерного стереотипу.
2.3 Основні гендерні стереотипи у культурі та суспільстві.
2.4 Особливості невербальних інтеракцій у різностатевих та одностатевих взаєминах.
Розділ 3. Гендерні особливості передачі комунікативноїмінформації засобами НЗС.
3.1 Властивості Інтернет спілкування.
3.2 Дослідження гендерних особливостей невербального спілкування віртуальній дійсності.
3.3 Комплекс вправ для розуміння і застосування невербальних засобів комунікації. _0комунікація,невербальний,гендер |
||
| 650 | _aResearch Papers | ||
| 999 |
_c284947 _d284947 |
||
| 942 | _cBK | ||